Mujer y participación social: hacia la concertación de géneros en el cooperativismo centroamericano /

में बचाया:
ग्रंथसूची विवरण
मुख्य लेखक: García, Ana Isabel
निगमित लेखकों: Confederación de Cooperativas del Caribe y Centroamérica, CCC-CA
अन्य लेखक: ed.
स्वरूप: मूलपाठ
प्रकाशित: San José: CCC-CA
विषय:
टैग: टैग जोड़ें
कोई टैग नहीं, इस रिकॉर्ड को टैग करने वाले पहले व्यक्ति बनें!

MARC

LEADER 00000 a a2200000 04500
001 26051
003
040
020 |a 9977-82-010-4  
090 |a 147106  
100 |a García, Ana Isabel  
110 |a Confederación de Cooperativas del Caribe y Centroamérica  
245 |a Mujer y participación social: hacia la concertación de géneros en el cooperativismo centroamericano /  |c Confederación de Cooperativas del Caribe y Centroamérica  
260 |a San José:   |b CCC-CA  
300 |a 267 p.   |b **no definido**  
650 |a GENERO  
650 |a MOVIMIENTOS COOPERATIVOS  
650 |a PARTICIPACION DE LA MUJER  
700 |a ed.  
710 |a CCC-CA  
999 |c 7959  |d 7959